LEADER 01488nam2 2200325 450 001 000033484 005 20121025105404.0 100 $a20121011d1984----km-y0itaa50------ba 101 0 $aita 102 $aIT 200 1 $aAtti XIV Convegno Internazionale della ceramica$eAlbisola, 5-7 giugno, 1981$eproduzione e materie prime: scambi commerciali e culturali$fCentro Ligure per la Storia della ceramica 210 $aAlbisola$cCentro Ligure per la Storia della ceramica$d1984 215 $a263 p., tav.$cill.$d24 cm. 461 1$1001000032908$12001$aAtti. Convegno Internazionale della ceramica 606 $aCeramiche$xStoria 676 $a666.4$v(22. ed.)$9Tecnologia ceramica e tecnologie affini. Materiali, processi, attrezzature della ceramica 710 12$aConvegno Internazionale della ceramica,$d14.$f<1981$e; Albisola>$0284503 712 02$aCentro Ligure per la Storia della ceramica 801 0$aIT$bUniversità della Basilicata - B.I.A.$gREICAT$2unimarc 912 $a000033484 996 $aAtti XIV Convegno Internazionale della ceramica$996871 997 $aUNIBAS BAS $aLETTERE CAT $aSTD082$b01$c20121011$lBAS01$h0850 CAT $aSTD082$b01$c20121011$lBAS01$h0855 CAT $aSTD082$b01$c20121011$lBAS01$h1203 CAT $aMDL$b00$c20121025$lBAS01$h0841 CAT $aMDL$b00$c20121025$lBAS01$h1054 FMT Z30 -1$lBAS01$LBAS01$mBOOK$1BASA4$APolo di Matera$2DID$BDidattica$3MSR/L111340$6111340$5L111340$820121011$f04$FPrestabile Didattica LEADER 00677oam 2200169z- 450 001 9910698235403321 005 20190726220620.0 035 $a(CKB)3460000000105127 035 $a(EXLCZ)993460000000105127 100 $a20151109c2006uuuu -a- - 101 0 $aeng 200 00$aAnimal Enterprise Terrorism Act : hearing before the Subcommittee on Crime, Terrorism, and Homeland Security of the Committee on the Judiciary, House of Representatives, One Hundred Ninth Congress, second session, on H.R. 4239, May 23, 2006 517 $aAnimal Enterprise Terrorism Act 906 $aBOOK 912 $a9910698235403321 996 $aAnimal Enterprise Terrorism Act$93091394 997 $aUNINA